000 01017nam a2200193Ii 4500
003 JO-AjNU
008 230605s9999||||xx |||||||||||||| ||und||
040 _aJO-AjNU
_bara
_erda
_cJO-AjNU
041 _aara
050 1 4 _aK3242.M32 1994
100 3 _aمدغمش، جمال,
_eauthor
_946367
245 0 0 _aالشفعة والاولوية في قرارات محكمة التمييز الأردنية حتى بداية سنة 1994: مجموعة الاجتهادات القضائية في موضوعي الشفعة والأولوية مبوبة ومرتبة في ثوب جديد مع ملحق يتضمن قواعد مجلة الأحكام العدلية ذات العلاقة
264 3 1 _aعمان: المؤلف، 1994
300 _a70ص
_bيشتمل على ملحق
336 _atext
_btxt
_2rdacontent
337 _aunmediated
_bn
_2rdamedia
338 _avolume
_bnc
_2rdacarrier
650 4 _aالشفعة - قانون مدني - الاردن - الملكية - قوانين وتشريعات - الاردن
_946368
999 _aA20165
_c23733
_d23733